000 00572nam a2200205Ia 4500
005 20250508155518.0
008 008 250505s9999 xx 000 0 eng d
037 _aTextual
040 _aFEDL
_beng
_cFEDL
041 _aeng
_2eng
084 _a507, THU
_qFEDL
100 _aThurber Walter A
_9580369
245 0 _aTeaching science in today's secondary schools
250 _a2
260 _aBoston, USA
_bAllyn and Bacon
_c1965
300 _axiv,703p
700 _a Collette Alfred T
_9767059
942 _cTEXL
_h507, THU
999 _c1357353
_d1357353